003340000a2200073000450024501090000004100140010910000320012377301050015510aCrítica a la asignación de la categoría de amenaza de Gastrotheca ruizi (Amhpibia: Anura: Hylidae)0 aEspañol1 aMueses Cisneros, Jonh Jairo1 tRevista de la Academia Colombiana de Ciencias Exactas, Físicas y Naturalesh111q303-308d2005g29